000 02157cam a22003854a 4500
001 16606786
003 ARRUPE
005 20140409020011.0
008 110106s2011 njub b 001 0 eng
010 _a 2010054293
016 7 _a015776675
_2Uk
020 _a9781592218158 (cloth)
020 _a1592218156 (cloth)
020 _a9781592218165 (pbk.)
020 _a1592218164 (pbk.)
035 _a(OCoLC)ocn697277019
040 _aDNAL/DLC
_cDLC
_dYDX
_dYDXCP
_dCDX
_dUKMGB
_dYUS
_dOCLCO
_dDLC
042 _apcc
043 _afs-----
050 0 0 _aHD1333.A356
_bL363 2011
070 0 _aHD1333.A356
_bL363 2011
082 0 0 _a333.3/168
_222
245 0 0 _aLand struggles and civil society in Southern Africa /
_cedited by Kirk Helliker and Tendai Murisa.
260 _aTrenton, N.J. :
_bAfrica World Press,
_cc2011.
300 _axi, 332 p. :
_bmaps ;
_c22 cm.
504 _aIncludes bibliographical references and index.
505 0 _aContemporary rural realities in Southern Africa / Tendai Murisa and Kirk Helliker -- Land reform and marginalised communities in the Eastern Cape countryside of post-apartheid South Africa / Kirk Helliker -- Social mobilisation of farm workers and dwellers in the Eastern Cape / Lalitha Naidoo -- Lacuna in rural agency: the case of Zimbabwe's agrarian reforms / Tendai Murisa -- The Haillom and Etosha: a case study of resettlement in Namibia / Ute Dieckmann -- Genesis and role of the peasant movement in Mozambique / Diamantino Nhampossa -- Winners and losers in land reforms in Botswana: the case of Ngamiland and Kgalagadi districts / Lapologang Magole and Joseph Mbaiwa -- Land reform in Zambia and civil society experiences / Henry Machina and Carol Sorenson -- Land rights in the Democratic Republic of Congo: a new model of rights for forest-dependent communities? / Cath Long.
650 0 _aLand reform
_zAfrica, Southern.
_99026
650 0 _aCivil society
_zAfrica, Southern.
_99027
700 1 _aHelliker, Kirk.
_99028
700 1 _aMurisa, Tendai.
_99029
906 _a7
_bcbc
_corignew
_d1
_eecip
_f20
_gy-gencatlg
942 _2lcc
_cMONOGRAPH
_01
999 _c120184
_d120184